| 000 | 00989cab a2200265 4500 | ||
|---|---|---|---|
| 001 | WB3025-34 | ||
| 008 | 090401t1994 xxu||||| |||| 00| 0 eng d | ||
| 035 | _a(Sirsi) u28657 | ||
| 041 | _aeng | ||
| 245 | _aAddress for purposes of service | ||
| 260 | _c1994 | ||
| 350 | _a0 | ||
| 490 |
_aEstates Gazette _v(9425) 25 June 1994, 147(1) |
||
| 520 | _aIn "Willowgreen Ltd v Smithers" (Abs50687) a summons for possession was sent to premises where the tenant had never lived. CA found that under the County Court Rules `address` meant `an address at which the defendant ordinarily resides or works` therefore judgment for possession was set aside. | ||
| 650 | _aADDRESSES | ||
| 650 | _aCOUNTY COURT RULES | ||
| 650 | _aFORFEITURE | ||
| 650 | _aSERVICE OF DOCUMENTS | ||
| 650 | _aSERVICE OF SUMMONS | ||
| 650 | _aSUMMONS | ||
| 690 | _aPROPERTY-RESIDENTIAL PROPERTY-RESIDENTIAL LANDLORD AND TENANT-RESIDENTIAL TENANCIES | ||
| 690 | _aLAW | ||
| 942 | _n0 | ||
| 948 | _c04/03/1997 | ||
| 999 |
_c19267 _d19267 |
||